The magnificent journey : (Record no. 21160)

MARC details
000 -LEADER
fixed length control field 01652cam a2200373 i 4500
001 - CONTROL NUMBER
control field 20549278
003 - CONTROL NUMBER IDENTIFIER
control field OSt
005 - DATE AND TIME OF LATEST TRANSACTION
control field 20260129160457.0
008 - FIXED-LENGTH DATA ELEMENTS--GENERAL INFORMATION
fixed length control field 180620s2018 ilu b 001 0 eng
010 ## - LIBRARY OF CONGRESS CONTROL NUMBER
LC control number 2018028450
020 ## - INTERNATIONAL STANDARD BOOK NUMBER
International Standard Book Number 9780830846382
Qualifying information print : alk. paper
035 ## - SYSTEM CONTROL NUMBER
System control number 20549278
040 ## - CATALOGING SOURCE
Original cataloging agency DLC
Language of cataloging eng
Transcribing agency DLC
Description conventions rda
Modifying agency DLC
042 ## - AUTHENTICATION CODE
Authentication code pcc
050 00 - LIBRARY OF CONGRESS CALL NUMBER
Classification number BV4501.3
Item number .S65 2018
082 00 - DEWEY DECIMAL CLASSIFICATION NUMBER
Classification number 248.4
Edition number 23
100 1# - MAIN ENTRY--PERSONAL NAME
Personal name Smith, James Bryan,
Relator term author.
245 14 - TITLE STATEMENT
Title The magnificent journey :
Remainder of title living deep in the kingdom /
Statement of responsibility, etc. James Bryan Smith.
264 #1 - PRODUCTION, PUBLICATION, DISTRIBUTION, MANUFACTURE, AND COPYRIGHT NOTICE
Place of production, publication, distribution, manufacture Downers Grove, Illinois :
Name of producer, publisher, distributor, manufacturer IVP Books, an imprint of InterVarsity Press,
Date of production, publication, distribution, manufacture, or copyright notice [2018]
300 ## - PHYSICAL DESCRIPTION
Extent 174 pages ;
Dimensions 22 cm.
336 ## - CONTENT TYPE
Content type term text
Content type code txt
Source rdacontent
337 ## - MEDIA TYPE
Media type term unmediated
Media type code n
Source rdamedia
338 ## - CARRIER TYPE
Carrier type term volume
Carrier type code nc
Source rdacarrier
490 0# - SERIES STATEMENT
Series statement Apprentice resources
504 ## - BIBLIOGRAPHY, ETC. NOTE
Bibliography, etc Includes bibliographical references (pages 169-174).
505 0# - FORMATTED CONTENTS NOTE
Formatted contents note Living deep in the kingdom -- The way of surrender -- Growing in grace and knowledge -- Living from above -- Listening to God -- Developing kingdom virtues -- Relaxing into faith -- Embracing hope -- Surprised by love -- Discovering a deeper joy.
650 #0 - SUBJECT ADDED ENTRY--TOPICAL TERM
Topical term or geographic name as entry element Spiritual life
General subdivision Christianity.
650 #0 - SUBJECT ADDED ENTRY--TOPICAL TERM
Topical term or geographic name as entry element Spiritual formation.
650 #0 - SUBJECT ADDED ENTRY--TOPICAL TERM
Topical term or geographic name as entry element Christian life.
776 08 - ADDITIONAL PHYSICAL FORM ENTRY
Relationship information Online version:
Main entry heading Smith, James Bryan, author.
Title Magnificent journey
Place, publisher, and date of publication Downers Grove : InterVarsity Press, 2018
International Standard Book Number 9780830889297
Record control number (DLC) 2018034438
906 ## - LOCAL DATA ELEMENT F, LDF (RLIN)
a 7
b cbc
c orignew
d 1
e ecip
f 20
g y-gencatlg
942 ## - ADDED ENTRY ELEMENTS (KOHA)
Source of classification or shelving scheme Library of Congress Classification
Koha item type General Collection
Holdings
Withdrawn status Lost status Source of classification or shelving scheme Not for loan Home library Current library Shelving location Date acquired Source of acquisition Inventory number Total Checkouts Full call number Barcode Date last seen Copy number Price effective from Koha item type
    Library of Congress Classification   Kabarak, Main Campus Kabarak, Main Campus General Stacks 29/01/2026 Donation 2025/3689   BV4501.3 .S65 2018 C.1 38741 29/01/2026 C.1 29/01/2026 General Collection
Designed with assistance from East African Informatics Ltd